000 00302nam a22001337a 4500
008 170619b xxu||||| |||| 00| 0 eng d
020 _a9780697392893
041 _aeng
080 _a32
100 _a20
101 _aSHP
245 _aTHE POLITICAL ECONOMY OF PROSPERITY
_cOKUN,A,M
942 _2udc
_cBK
999 _c18005
_d18005